[Event "Klaipeda-ch sf"]
[Site "Klaipeda"]
[Date "2022.05.26"]
[Round "8"]
[White "Penkov, Dmitry"]
[Black "Januseviciute, Donata"]
[Result "1-0"]
[WhiteElo "1520"]
[BlackElo "1495"]
[PlyCount "73"]
[EventDate "2022.05.03"]
[EventType "swiss"]
[EventRounds "8"]
[EventCountry "LTU"]
[SourceTitle "EXT 2023"]
[Source "ChessBase"]
[SourceDate "2022.10.05"]
[SourceVersion "1"]
[SourceVersionDate "2022.10.05"]
[SourceQuality "1"]

1. e4 d6 2. d4 g6 3. Nc3 Bg7 4. Be3 Nf6 5. f3 Nbd7 6. Qd2 b6 7. 0-0-0 Bb7 8. Bh6 0-0 9. h4 e5 10. d5 Nh5 11. Nge2 f5 12. exf5 gxf5 13. g4 fxg4 14. fxg4 Bxh6 15. Qxh6 Nf4 16. Nxf4 Rxf4 17. Bd3 Qe7 18. Bf5 Nf6 19. Be6+ Kh8 20. Rhg1 Bc8 21. Ne2 Ng8 22. Bxg8 Kxg8 23. Nxf4 exf4 24. Rde1 Qf7 25. Qg5+ Qg6 26. Re8+ Kg7 27. Re7+ Kf8 28. Qxg6 hxg6 29. Rxc7 Ba6 30. c4 Re8 31. Kd2 Re4 32. Kd3 Re3+ 33. Kd4 Rf3 34. Rxa7 Bxc4 35. Kxc4 Rg3 36. Rxg3 fxg3 37. Ra3 1-0

[Event "Klaipeda-ch sf"]
[Site "Klaipeda"]
[Date "2022.05.12"]
[Round "4"]
[White "Gluchaciov, Nikolaj"]
[Black "Penkov, Dmitry"]
[Result "1-0"]
[WhiteElo "1720"]
[BlackElo "1520"]
[PlyCount "25"]
[EventDate "2022.05.03"]
[EventType "swiss"]
[EventRounds "8"]
[EventCountry "LTU"]
[SourceTitle "EXT 2023"]
[Source "ChessBase"]
[SourceDate "2022.10.05"]
[SourceVersion "1"]
[SourceVersionDate "2022.10.05"]
[SourceQuality "1"]

1. e4 c5 2. d4 cxd4 3. c3 Nc6 4. Nf3 d5 5. exd5 Qxd5 6. cxd4 Nf6 7. Nc3 Qd8 8. d5 Nb4 9. Qa4+ Bd7 10. Qxb4 Qc7 11. Bb5 a5 12. Bxd7+ Qxd7 13. Qd4 1-0